| 000 | 00798nam a2200289Ia 4500 | ||
|---|---|---|---|
| 005 | 20260324134343.0 | ||
| 008 | 008 260324s9999 xx 000 0 eng d | ||
| 020 | _a9780429165290 | ||
| 037 | _aEBOOK | ||
| 040 | _aCRL | ||
| 040 | _beng | ||
| 040 | _cCRL | ||
| 041 | _2eng | ||
| 041 | _aeng | ||
| 084 | _qCRL | ||
| 100 |
_aG. Ladas; J. LopezFenner; Saber N. Elaydi; M. Pinto _91196498 |
||
| 245 | 0 | _aNew Trends in Difference Equations | |
| 245 | 0 | _bProceedings of the Fifth International Conference on Difference Equations Tampico, Chile, January 2-7, 2000 | |
| 260 | _bTaylor and Francis | ||
| 260 | _c2002 | ||
| 365 | _a | ||
| 365 | _b465 | ||
| 856 | _uhttp://www.taylorfrancis.com/books/9780429165290 | ||
| 942 | _cEBOOK | ||
| 999 |
_c1796516 _d1796516 |
||